| 000 | 00510cam a2200205ua 4500 | ||
|---|---|---|---|
| 001 | 7978 | ||
| 005 | 20260515114257.0 | ||
| 008 | 150103n ii |||gr||||Z||||||hin | ||
| 020 | _a8182260442 | ||
| 040 | _cMAIN | ||
| 041 | _ahin | ||
| 082 | _a294.5 | ||
| 100 |
_aSingh, S., _eEditor. |
||
| 245 | 1 |
_aKurukshetra : _bMoolyankan aur moolyankan / _cEdited by Shokdev Singh . |
|
| 250 | _a1st. | ||
| 260 |
_aIlahabad: _bNilabh, _c2007. |
||
| 300 | _a184p. | ||
| 653 | _aReligions ofIndic origin | ||
| 942 | _cBK | ||
| 999 |
_c7092 _d7092 |
||